000 00198nam a2200085Ia 4500
008 120527s9999 xx 000 0 und d
100 _aCanterbery, R.
245 _aThe making of Economics
942 _cBK
999 _c27193
_d27193